00593nam a2200205Ia 4500003000900000008004100009040001300050040001300063041000800076100001600084245006700100250001100167260001400178260000900192300001100201300001000212490001000222490000800232600014700240IT-RoPAU120407s9999 xx 000 0 und d aIT-RoPAU cIT-RoPAU aita aErich Fromm aLa crisi della psicoanalisi. Traduzione di Giovanni Fattorini. aMilano aMondadori c1971 a216 p. c20 cm aSaggi v129 a"Tit. orig.: The crisis of psychoanalysis. 1 - Psicanalisi, Saggi I - Fattorini, Giovanni 150.195 BNI 72-11043"